"Los días" en "La noche" : (Record no. 182508)

MARC details
000 -LEADER
campo de control de longitud fija 01213nam a2200301 i 4500
001 - NÚMERO DE CONTROL
campo de control 182508
003 - IDENTIFICADOR DE NÚMERO DE CONTROL
campo de control ES-MaACL
005 - FECHA Y HORA DE LA ÚLTIMA TRANSACCIÓN
campo de control 20251114131554.0
008 - DATOS DE LONGITUD FIJA--INFORMACIÓN GENERAL
campo de control de longitud fija 130910s2012 sp | |||||||| | spa d
020 ## - NÚMERO INTERNACIONAL ESTÁNDAR DEL LIBRO
Número Internacional Estándar del Libro 978-84-616-1034-1
040 ## - FUENTE DE CATALOGACIÓN
Centro/agencia transcriptor ES-MaACL
080 ## - NÚMERO DE LA CLASIFICACIÓN DECIMAL UNIVERSAL
Número de la Clasificación Decimal Universal 821.134.2-92"19"
100 1# - ENTRADA PRINCIPAL--NOMBRE DE PERSONA
Nombre de persona Cunqueiro, Álvaro,
Fechas asociadas al nombre 1911-1981
9 (RLIN) 42188
245 15 - MENCIÓN DEL TÍTULO
Título "Los días" en "La noche" :
Resto del título (Santiago de Compostela, 1959-1962) /
Mención de responsabilidad, etc. Álvaro Cunqueiro ; edición de Luis Alonso Girgado, Lorena Domínguez Mallo ; colaboración de Anastasio Iglesias Blanco.
260 ## - PUBLICACIÓN, DISTRIBUCIÓN, ETC.
Lugar de publicación, distribución, etc. Sangiago de Compostela :
Nombre del editor, distribuidor, etc. Follas Novas,
Fecha de publicación, distribución, etc. [2012]
300 ## - DESCRIPCIÓN FÍSICA
Extensión 448 p. ;
Dimensiones 24 cm.
490 1# - MENCIÓN DE SERIE
Mención de serie Colección Fonseca. Filología ;
Designación de volumen o secuencia 8
500 ## - NOTA GENERAL
Nota general Índices.
500 ## - NOTA GENERAL
Nota general Recoge los artículos de la serie "Los días" publicados por el autor en el diario "La noche"
700 1# - ENTRADA AGREGADA--NOMBRE PERSONAL
Nombre de persona Alonso Girgado, Luis,
Fechas asociadas al nombre 1946-
9 (RLIN) 20332
700 1# - ENTRADA AGREGADA--NOMBRE PERSONAL
Nombre de persona Domínguez Mallo, Lorena
9 (RLIN) 153377
700 1# - ENTRADA AGREGADA--NOMBRE PERSONAL
Nombre de persona Iglesias Blanco, Anastasio Santos
9 (RLIN) 153378
830 0# - PUNTO DE ACCESO ADICIONAL DE SERIE-TÍTULO UNIFORME
Título uniforme Colección Fonseca. Filología
9 (RLIN) 191758
852 ## - LOCALIZACIÓN
Ubicación ES-MaACL
Número de control de estantería A-12896
Ubicación en estantería Hemeroteca
itemnumber 189420
Sublocalización o colección R. 149069
942 ## - ELEMENTOS DE ENTRADA SECUNDARIOS (KOHA)
Tipo de ítem Koha Libro impreso
Suprimir en OPAC No
Holdings
Estatus retirado Estado de pérdida Fuente del sistema de clasificación o colocación Estado de daño No para préstamo Biblioteca de origen Biblioteca actual Ubicación en estantería Fecha de adquisición Total de préstamos Signatura topográfica completa Código de barras Visto por última vez Tipo de ítem Koha
    Clasificación decimal universal     Biblioteca del Ateneo de Madrid Biblioteca del Ateneo de Madrid Hemeroteca 10/09/2013   A-12896 1191797 23/02/2023 Libro impreso